BIBLIOTECA PODER JUDICIAL
Portal Judicial TDF

Derecho administrativo / (Registro nro. 303)

000 -LEADER
fixed length control field 01064nam a22002417a 4500
003 - CONTROL NUMBER IDENTIFIER
control field OSt
005 - DATE AND TIME OF LATEST TRANSACTION
control field 20191029062705.0
008 - FIXED-LENGTH DATA ELEMENTS--GENERAL INFORMATION
fixed length control field 180305b xxu||||| |||| 00| 0 spa d
040 ## - CATALOGING SOURCE
Transcribing agency PJ
100 ## - ASIENTO PRINCIPAL - NOMBRE DE PERSONA
9 (RLIN) 338
Personal name Canasi, José
245 ## - MENCIÓN DE TÍTULO
Título propiamente dicho Derecho administrativo /
Mención de responsabilidad, etc José Canasi.
260 ## - PUBLICATION, DISTRIBUTION, ETC. (IMPRINT)
Place of publication, distribution, etc Buenos Aires :
Name of publisher, distributor, etc Depalma,
Date of publication, distribution, etc 1976-1984.
300 ## - DESCRIPCION FISICA
Extent 4 v.
Dimensions 22 cm.
500 ## - NOTA GENERAL
General note Citas y notas a pie de página.<br/>
505 ## - FORMATTED CONTENTS NOTE
Formatted contents note Contenido:<br/>v. 1: Parte general.<br/>v. 2: Parte especial. Los servicios públicos. El acto administrativo. Contratos administrativos.<br/>v. 3: Parte especial. Prestaciones de los administrados al Estado. Servidumbres y restricciones administrativas.<br/>v. 4: Parte especial. Expropiación pública. Organización y justicia militar. Responsabilidad del estado<br/>
650 #0 - ASIENTO SECUNDARIO DE MATERIA - TERMINO TEMATICO
Topical term or geographic name as entry element DERECHO ADMINISTRATIVO
9 (RLIN) 211
650 #0 - ASIENTO SECUNDARIO DE MATERIA - TERMINO TEMATICO
Topical term or geographic name as entry element ACTO ADMINISTRATIVO
9 (RLIN) 1171
650 #0 - ASIENTO SECUNDARIO DE MATERIA - TERMINO TEMATICO
Topical term or geographic name as entry element CONTRATOS ADMINISTRATIVOS
9 (RLIN) 1170
650 #0 - ASIENTO SECUNDARIO DE MATERIA - TERMINO TEMATICO
Topical term or geographic name as entry element SERVICIO PÚBLICO
9 (RLIN) 1432
650 #0 - ASIENTO SECUNDARIO DE MATERIA - TERMINO TEMATICO
Topical term or geographic name as entry element EXPROPIACION
9 (RLIN) 1811
650 #0 - ASIENTO SECUNDARIO DE MATERIA - TERMINO TEMATICO
Topical term or geographic name as entry element RESPONSABILIDAD DEL ESTADO
9 (RLIN) 1215
942 ## - ADDED ENTRY ELEMENTS (KOHA)
Source of classification or shelving scheme
Koha item type Libros
Classification part 342.9
Item part CAN
Existencias
Withdrawn status Lost status Source of classification or shelving scheme Damaged status Not for loan Permanent Location Current Location Date acquired Serial Enumeration / chronology Full call number Barcode Date last seen Price effective from Koha item type
          Biblioteca Poder Judicial Sur Biblioteca Poder Judicial Sur 2018-04-23 V. 1 342.9 CAN 2644 2018-04-23 2018-04-23 Libros
          Biblioteca Poder Judicial Sur Biblioteca Poder Judicial Sur 2018-04-23 V. 2 342.9 CAN 2645 2018-11-29 2018-04-23 Libros
          Biblioteca Poder Judicial Sur Biblioteca Poder Judicial Sur 2018-04-23 V. 3 342.9 CAN 6362 2018-11-29 2018-04-23 Libros
          Biblioteca Poder Judicial Sur Biblioteca Poder Judicial Sur 2018-04-23 V. 4 342.9 CAN 6363 2018-11-29 2018-04-23 Libros

12 de Octubre 789 Ushuaia - Tel:  54(02901)441571
Horario de Atención: 8.00 a 17.00 hs. 
bibliotecaush@justierradelfuego.gov.ar
koha@justierradelfuego.gov.ar
Seguinos en nuestras redes @bibliojustdf 

Con tecnología Koha